REFRESHER COURSE IN PHYSICS -1 (Record no. 9353)

MARC details
000 -LEADER
fixed length control field 00452nam a22001577a 4500
003 - CONTROL NUMBER IDENTIFIER
control field SGT
020 ## - INTERNATIONAL STANDARD BOOK NUMBER
International Standard Book Number 9788121904650
082 ## - DEWEY DECIMAL CLASSIFICATION NUMBER
Classification number 530,ARO
100 ## - MAIN ENTRY--PERSONAL NAME
Personal name ARORA,C.L.
245 ## - TITLE STATEMENT
Title REFRESHER COURSE IN PHYSICS -1
260 ## - PUBLICATION, DISTRIBUTION, ETC. (IMPRINT)
Place of publication, distribution, etc NEW DELHI
Name of publisher, distributor, etc S.CHAND
Year of Publication 2014
300 ## - PAGE DESCRIPTION
No. of Pages 535
650 ## - SUBJECT ADDED ENTRY--TOPICAL TERM
Topical term or geographic name as entry element PHYSICS
653 ## - KEYWORDS--INDEX TERM
Keyword term SECTION 1:MECHANICS AND PROPERTIES OF MATTER SECTION 2:WAVES, VIBRATION AND E.M. THEORY SECTION 3: ELECTRICITY AND MAGNETISM
942 ## - ADDED ENTRY ELEMENTS (KOHA)
Source of classification or shelving scheme Dewey Decimal Classification
Koha item type FPS Books
942 ## - ADDED ENTRY ELEMENTS (KOHA)
-- 1
Holdings
Withdrawn status Lost status Source of classification or shelving scheme Damaged status Not for loan Collection code Home library Current library Shelving location Date acquired Vendor Name Cost, normal purchase price SGTU Bill Number Total Checkouts Full call number Accession No. (Barcode) Date last seen Date last borrowed Bill Date Koha item type
    Dewey Decimal Classification     SCIENCE SGT Science & Social Sciences Library SGT Science & Social Sciences Library Text Book 30/06/2016 SPARSH BOOK 595.00 SGTU 1291 4 530,ARO PS484 25/02/2023 09/02/2023 25/11/2014 FPS Books
    Dewey Decimal Classification     SCIENCE SGT Science & Social Sciences Library SGT Science & Social Sciences Library Text Book 30/06/2016 SPARSH BOOK 595.00 SGTU 1291 7 530,ARO PS485 19/02/2026 04/02/2026 25/11/2014 FPS Books